[Event "Berlin Lichtenberger op 17th"]
[Site "Berlin"]
[Date "2018.08.26"]
[Round "9"]
[White "Fuhr, Michael"]
[Black "Zielke, Ansgar"]
[Result "1-0"]
[WhiteElo "1853"]
[BlackElo "1608"]
[PlyCount "99"]
[EventDate "2018.08.18"]
[EventType "swiss"]
[EventRounds "9"]
[EventCountry "GER"]
[SourceTitle "CBM 186 Extra"]
[Source "ChessBase"]
[SourceDate "2018.08.24"]
[SourceVersion "1"]
[SourceVersionDate "2018.08.24"]
[SourceQuality "1"]

1. Nc3 d5 2. f4 Nf6 3. Nf3 e6 4. b3 c5 5. e3 Nc6 6. Bb5 a6 7. Bxc6+ bxc6 8. Ne2 Bd6 9. Bb2 0-0 10. 0-0 Re8 11. Ne5 Qc7 12. Ng3 Bd7 13. Nh5 Be7 14. Nxd7 Qxd7 15. Nxf6+ Bxf6 16. Bxf6 gxf6 17. Rf3 Kh8 18. Rh3 f5 19. Qh5 f6 20. Rf1 Rg8 21. Rff3 Rg7 22. Rfg3 Rxg3 23. Rxg3 Rg8 24. Qh4 Rxg3 25. Qxg3 d4 26. Kf2 d3 27. c3 a5 28. Qf3 Kg7 29. e4 Kf8 30. Qe3 Qd6 31. e5 fxe5 32. Qxe5 Qxe5 33. fxe5 a4 34. Ke3 axb3 35. axb3 h5 36. Kxd3 h4 37. Ke3 Kf7 38. Kf4 Kg6 39. d4 cxd4 40. cxd4 Kh5 41. h3 Kg6 42. b4 Kh6 43. g3 hxg3 44. Kxg3 Kg5 45. h4+ Kg6 46. Kf4 Kg7 47. d5 exd5 48. Kxf5 Kf7 49. h5 Kg7 50. e6 1-0

[Event "Berlin Lichtenberger op 17th"]
[Site "Berlin"]
[Date "2018.08.25"]
[Round "8"]
[White "Geldner, Gerrit"]
[Black "Fuhr, Michael"]
[Result "1-0"]
[WhiteElo "1780"]
[BlackElo "1853"]
[PlyCount "43"]
[EventDate "2018.08.18"]
[EventType "swiss"]
[EventRounds "9"]
[EventCountry "GER"]
[SourceTitle "CBM 186 Extra"]
[Source "ChessBase"]
[SourceDate "2018.08.24"]
[SourceVersion "1"]
[SourceVersionDate "2018.08.24"]
[SourceQuality "1"]

1. e4 e6 2. d4 b6 3. c3 Bb7 4. Bd3 d6 5. Nf3 Nd7 6. 0-0 g6 7. Re1 Bg7 8. Bg5 Ne7 9. Qc1 0-0 10. Na3 f6 11. Bh6 Kh8 12. Bxg7+ Kxg7 13. Bc4 d5 14. exd5 exd5 15. Bd3 c6 16. Qf4 Re8 17. Re3 Qb8 18. Qg4 Nf8 19. Rae1 Qd6 20. Nh4 Bc8 21. Qg3 Qxg3 22. Rxe7+ 1-0

[Event "Berlin Lichtenberger op 17th"]
[Site "Berlin"]
[Date "2018.08.19"]
[Round "2"]
[White "Heuser, Philip"]
[Black "Fuhr, Michael"]
[Result "1-0"]
[WhiteElo "2049"]
[BlackElo "1853"]
[PlyCount "141"]
[EventDate "2018.08.18"]
[EventType "swiss"]
[EventRounds "9"]
[EventCountry "GER"]
[SourceTitle "CBM 186 Extra"]
[Source "ChessBase"]
[SourceDate "2018.08.24"]
[SourceVersion "1"]
[SourceVersionDate "2018.08.24"]
[SourceQuality "1"]

1. d4 Nf6 2. c4 e6 3. Nc3 d5 4. cxd5 exd5 5. Bg5 Nbd7 6. e3 Be7 7. Bd3 h6 8. Bh4 c6 9. Qc2 0-0 10. Nf3 Re8 11. 0-0 Ne4 12. Bxe4 Bxh4 13. Bh7+ Kh8 14. Bd3 Be7 15. Rab1 Bd6 16. Rfc1 Qe7 17. a3 Nf6 18. Re1 Ne4 19. Bxe4 dxe4 20. Nd2 f5 21. Nc4 Be6 22. Nxd6 Qxd6 23. Rbc1 Red8 24. Ne2 Rac8 25. Qc5 Qxc5 26. Rxc5 Bd5 27. Rec1 g5 28. b4 a6 29. a4 Kg7 30. a5 Kf6 31. Nc3 Ke6 32. Nxd5 Rxd5 33. Rxd5 Kxd5 34. Rc5+ Ke6 35. Re5+ Kf6 36. g4 fxg4 37. Rxe4 Rb8 38. Rxg4 b6 39. Re4 bxa5 40. bxa5 Rb5 41. Re8 Rxa5 42. Rh8 Kg6 43. Rc8 Ra1+ 44. Kg2 a5 45. Rxc6+ Kg7 46. Ra6 a4 47. Kf3 a3 48. Ke4 a2 49. d5 g4 50. Ke5 h5 51. d6 h4 52. d7 Rd1 53. Rxa2 Rxd7 54. Kf4 g3 55. hxg3 hxg3 56. Kxg3 Kf6 57. Kf4 Rb7 58. Ra6+ Kf7 59. e4 Rb4 60. Kf5 Rb5+ 61. e5 Rb7 62. f4 Rc7 63. Rf6+ Ke7 64. Rh6 Rc4 65. Rh7+ Kf8 66. Kg5 Re4 67. f5 Rxe5 68. Kf6 Kg8 69. Kxe5 Kxh7 70. Kf6 Kg8 71. Ke7 1-0

[Event "GER-chT11-B3 email"]
[Site "GER email"]
[Date "2015.10.15"]
[Round "?.4"]
[White "Fuhr, Michael"]
[Black "Kunzelmann, Fred"]
[Result "1/2-1/2"]
[WhiteElo "2146"]
[BlackElo "2509"]
[PlyCount "75"]
[EventDate "2015.??.??"]
[EventType "tourn (corr)"]
[EventRounds "8"]
[EventCountry "GER"]
[SourceTitle "Corr 2017"]
[Source "ChessBase"]
[SourceDate "2017.09.19"]
[SourceVersion "1"]
[SourceVersionDate "2017.09.19"]
[SourceQuality "1"]
[WhiteTeam "FSF Rochade 5171 II"]
[BlackTeam "Siegener SV 1878"]

1. e4 c5 2. Nc3 Nc6 3. g3 g6 4. Bg2 Bg7 5. Nge2 d6 6. 0-0 Nf6 7. d3 0-0 8. Rb1 Bd7 9. a3 b6 10. Bg5 h6 11. Bf4 Nd4 12. e5 Ne8 13. exd6 e5 14. Bd2 Nxd6 15. Nxd4 cxd4 16. Nd5 Rc8 17. c4 dxc3 18. bxc3 Re8 19. Re1 Bf5 20. Bc1 e4 21. g4 Be6 22. dxe4 Bxd5 23. exd5 Rxe1+ 24. Qxe1 Bxc3 25. Qe2 Qf6 26. Be3 Bd4 27. Bxh6 Rc3 28. Rf1 Rxa3 29. Qd2 Bc5 30. Bg5 Qe5 31. Bf4 Qh8 32. Qe2 Qf6 33. Be5 Qe7 34. Re1 a5 35. Bf1 a4 36. Qd2 Rf3 37. Qh6 Qxe5 38. Rxe5 1/2-1/2

[Event "GER-chT11-B3 email"]
[Site "GER email"]
[Date "2015.10.15"]
[Round "?.4"]
[White "Fuhr, Michael"]
[Black "Schueppel, Ralf"]
[Result "1/2-1/2"]
[WhiteElo "2146"]
[BlackElo "2401"]
[PlyCount "65"]
[EventDate "2015.??.??"]
[EventType "tourn (corr)"]
[EventRounds "8"]
[EventCountry "GER"]
[SourceTitle "Corr 2017"]
[Source "ChessBase"]
[SourceDate "2017.09.19"]
[SourceVersion "1"]
[SourceVersionDate "2017.09.19"]
[SourceQuality "1"]
[WhiteTeam "FSF Rochade 5171 II"]
[BlackTeam "Springergabel"]

1. e4 c5 2. Nc3 Nc6 3. g3 g6 4. Bg2 Bg7 5. Nge2 d6 6. 0-0 e6 7. d3 Nge7 8. Rb1 0-0 9. a3 b6 10. Bg5 Bb7 11. Qd2 Qd7 12. Bh6 Bxh6 13. Qxh6 e5 14. f4 f5 15. fxe5 dxe5 16. exf5 Nxf5 17. Bd5+ Kh8 18. Qd2 Kg7 19. Rbe1 Rad8 20. b3 h6 21. Bg2 Ncd4 22. Bxb7 Qxb7 23. Ne4 Rf7 24. g4 Nxe2+ 25. Rxe2 Nd4 26. Ref2 Rdf8 27. Rxf7+ Rxf7 28. Qd1 Rxf1+ 29. Kxf1 Qf7+ 30. Kg2 Qe6 31. a4 Qd7 32. Nd2 Qe7 33. Nf3 1/2-1/2

[Event "GER-chT11-B3 email"]
[Site "GER email"]
[Date "2015.09.29"]
[Round "?"]
[White "Von der Burg, Joerg"]
[Black "Fuhr, Michael"]
[Result "1/2-1/2"]
[WhiteElo "1949"]
[BlackElo "1885"]
[PlyCount "48"]
[EventDate "2015.??.??"]
[EventType "tourn (corr)"]
[EventRounds "8"]
[EventCountry "GER"]
[SourceTitle "Corr 2020"]
[Source "ChessBase"]
[SourceDate "2019.09.30"]
[SourceVersion "1"]
[SourceVersionDate "2019.09.30"]
[SourceQuality "1"]

1. d4 d5 2. c4 e6 3. Nc3 Nf6 4. Nf3 h6 5. Bf4 Bd6 6. Bxd6 Qxd6 7. e3 0-0 8. Rc1 a6 9. Qc2 Nc6 10. cxd5 exd5 11. a3 Re8 12. h3 Ne4 13. Bd3 Bf5 14. 0-0 Rad8 15. Nh4 Bh7 16. Na4 Qe7 17. Nf3 Bg6 18. b4 Rd6 19. Nc5 Rf6 20. Bxe4 Bxe4 21. Nxe4 dxe4 22. Nd2 Rg6 23. Kh2 Qd6+ 24. g3 Rge6 1/2-1/2

[Event "GER-chT10 KJ-31 Br03 email"]
[Site "GER email"]
[Date "2013.10.04"]
[Round "?"]
[White "Fuhr, Michael"]
[Black "Nowak, Mathias"]
[Result "1-0"]
[WhiteElo "1885"]
[BlackElo "1808"]
[PlyCount "59"]
[EventDate "2013.10.15"]
[EventType "tourn (corr)"]
[EventRounds "4"]
[EventCountry "GER"]
[SourceTitle "Corr 2015"]
[Source "ChessBase"]
[SourceDate "2015.07.17"]
[SourceVersion "1"]
[SourceVersionDate "2015.07.17"]
[SourceQuality "1"]

1. Nc3 d5 2. e4 d4 3. Nce2 c5 4. Ng3 Bd7 5. Nf3 h5 6. b4 h4 7. Ne2 Nc6 8. b5 Na5 9. Rb1 Qc7 10. d3 e5 11. h3 b6 12. c4 Ne7 13. Bd2 Nb7 14. Nc1 Ng6 15. Be2 Be7 16. Nh2 a6 17. a4 0-0 18. 0-0 axb5 19. axb5 Ra3 20. Bh5 Qd6 21. Qc2 Rfa8 22. Ne2 Nf8 23. f4 Bf6 24. fxe5 Qxe5 25. Nf4 Be6 26. Nf3 Qc7 27. e5 Be7 28. Nxe6 fxe6 29. Bc1 Ra2 30. Rb2 1-0

[Event "GER Cup19 sf21 serv"]
[Site "GER email"]
[Date "2013.07.14"]
[Round "?"]
[White "Buhmann, Thomas"]
[Black "Fuhr, Michael"]
[Result "1-0"]
[WhiteElo "2140"]
[BlackElo "1885"]
[PlyCount "127"]
[EventDate "2013.07.20"]
[EventType "tourn (corr)"]
[EventRounds "6"]
[EventCountry "GER"]
[SourceTitle "Corr 2015"]
[Source "ChessBase"]
[SourceDate "2015.07.17"]
[SourceVersion "1"]
[SourceVersionDate "2015.07.17"]
[SourceQuality "1"]

1. d4 d6 2. e4 g6 3. Nc3 Bg7 4. f4 Nf6 5. Nf3 0-0 6. Bd3 Nc6 7. e5 dxe5 8. fxe5 Nd5 9. Nxd5 Qxd5 10. c3 Bg4 11. Qe2 Rad8 12. Be4 Qd7 13. h3 Be6 14. 0-0 f5 15. Bc2 Bd5 16. b4 e6 17. a4 Ne7 18. a5 b5 19. Bd3 a6 20. Bd2 h6 21. h4 Kh8 22. Rac1 Kh7 23. Ne1 Rfe8 24. Rf2 Nc6 25. Qe3 Ne7 26. Bc2 Qc6 27. Nd3 Be4 28. Bb3 Bd5 29. Bd1 Bc4 30. Nc5 Rg8 31. Qf3 Bd5 32. Qh3 Bf8 33. Kh2 Kh8 34. Bc2 Ra8 35. Rg1 h5 36. Bd3 Kh7 37. Be2 Rg7 38. Bg5 Bc4 39. Bxc4 bxc4 40. Qg3 Nd5 41. Rd1 Re8 42. Rf3 Qb5 43. Bc1 Qc6 44. Qf2 Qb5 45. Qd2 Kh8 46. Qh6+ Kg8 47. Rdf1 Bxc5 48. dxc5 Ne7 49. Rd1 Qa4 50. Rd4 Rf8 51. Rg3 f4 52. Rxf4 Rxf4 53. Qxf4 Qc2 54. Rf3 Nf5 55. c6 Kh7 56. Bd2 Qd1 57. Rf2 Qb3 58. Qg5 Qb1 59. Qf6 Qe4 60. b5 axb5 61. a6 Qxc6 62. Bg5 Qxa6 63. Rxf5 Qc8 64. Rf1 1-0

[Event "GER Cup19 sf21 serv"]
[Site "GER email"]
[Date "2013.07.14"]
[Round "?"]
[White "Fuhr, Michael"]
[Black "Dorr, Joerg"]
[Result "1-0"]
[WhiteElo "1885"]
[BlackElo "1778"]
[PlyCount "121"]
[EventDate "2013.07.20"]
[EventType "tourn (corr)"]
[EventRounds "6"]
[EventCountry "GER"]
[SourceTitle "Corr 2015"]
[Source "ChessBase"]
[SourceDate "2015.07.17"]
[SourceVersion "1"]
[SourceVersionDate "2015.07.17"]
[SourceQuality "1"]

1. Nc3 e5 2. Nf3 Nc6 3. d4 exd4 4. Nxd4 Nf6 5. Bg5 Bc5 6. e3 Nxd4 7. exd4 Be7 8. Qf3 0-0 9. Bd3 d5 10. 0-0 c6 11. h3 Re8 12. Rfe1 Be6 13. a3 h6 14. Bf4 Rc8 15. Rad1 a6 16. Na4 b6 17. Re3 Nd7 18. b4 Ra8 19. Rde1 Bg5 20. Bxg5 Qxg5 21. c4 Rec8 22. c5 bxc5 23. bxc5 Rcb8 24. Qg3 Qxg3 25. Rxg3 Kf8 26. f4 Nf6 27. Nb6 Ra7 28. Rge3 a5 29. g4 Rc7 30. Kg2 g6 31. Kf3 Rd8 32. R3e2 Kg7 33. Re5 Kf8 34. Rb1 Kg7 35. Rg1 Kf8 36. Re2 Re8 37. f5 gxf5 38. gxf5 Bc8 39. Rxe8+ Kxe8 40. Nxc8 Rxc8 41. Rb1 Kd7 42. Rb6 Kc7 43. Ra6 Kb7 44. Rxa5 Re8 45. Ra4 Nd7 46. Rb4+ Kc7 47. a4 Ra8 48. Bc2 Nf6 49. Rb1 Ra7 50. Ra1 Ra5 51. Ke3 Kc8 52. Kd2 Kc7 53. Kc3 Kb8 54. Rb1+ Kc8 55. Kb4 Ra7 56. a5 Rb7+ 57. Ka4 Rxb1 58. Bxb1 Kb7 59. Kb4 Nh5 60. Bd3 f6 61. Kc3 1-0

[Event "GER Cup19 sf21 serv"]
[Site "GER email"]
[Date "2013.07.14"]
[Round "?"]
[White "Opitz, Peter"]
[Black "Fuhr, Michael"]
[Result "1/2-1/2"]
[WhiteElo "1950"]
[BlackElo "1885"]
[PlyCount "143"]
[EventDate "2013.07.20"]
[EventType "tourn (corr)"]
[EventRounds "6"]
[EventCountry "GER"]
[SourceTitle "Corr 2015"]
[Source "ChessBase"]
[SourceDate "2015.07.17"]
[SourceVersion "1"]
[SourceVersionDate "2015.07.17"]
[SourceQuality "1"]

1. Nf3 d5 2. d4 Nf6 3. c4 e6 4. Nc3 h6 5. g3 c6 6. Bg2 Bb4 7. 0-0 Nbd7 8. Qd3 0-0 9. Bf4 b6 10. a3 Bxc3 11. Qxc3 Ba6 12. b3 Qe7 13. Ne5 Nxe5 14. Bxe5 Nd7 15. Bf4 Bb7 16. a4 Rfc8 17. Rfd1 c5 18. cxd5 exd5 19. Qb2 Re8 20. dxc5 Nxc5 21. Be3 Rad8 22. Bf3 Ne6 23. Bd4 Ng5 24. a5 Nxf3+ 25. exf3 Rd6 26. axb6 axb6 27. Ra7 f6 28. Qa2 Qc7 29. Kg2 Rde6 30. b4 R8e7 31. b5 Kf7 32. Qb1 Qb8 33. Ra1 Qd6 34. Rc1 Kg8 35. Qf5 Kf7 36. h4 Kg8 37. h5 Qd8 38. Rc2 Qe8 39. Rac1 Rd7 40. Rc3 Rde7 41. g4 Qf7 42. R1c2 Qf8 43. Rc7 Qe8 44. R2c3 Rxc7 45. Rxc7 Re7 46. Rxe7 Qxe7 47. Bxb6 Qe8 48. Bd4 Qc8 49. Qg6 Qd7 50. b6 Qe7 51. Qf5 Kf7 52. Qg6+ Kg8 53. Kg3 Qe1 54. Qd3 Qg1+ 55. Kf4 Qh2+ 56. Ke3 Qd6 57. f4 Qe6+ 58. Kf3 Kf7 59. Kg3 Qe1 60. Kg2 Qe4+ 61. Qxe4 dxe4 62. Kf1 Bc8 63. Ke1 Ke6 64. f5+ Ke7 65. Kd2 Bb7 66. Bc5+ Ke8 67. Bd6 Kf7 68. Ba3 Ba6 69. Ke3 Bb7 70. Kd2 Ke8 71. Bc5 Kf7 72. Kc3 1/2-1/2